000
00303nam a22001337a 4500
020
_a
978-93-5107-021-4
041
_a
ENG
100
_a
W T W ( Bill ) Cory
245
_a
Fans & Ventilation A Practical guide
260
_a
UK
_b
Elesevier
_c
2013
300
_a
424
650
_a
FS
856
_u
FS ( 29 )
999
_c
2580
_d
2580